|
|
|
|
| LEADER |
00000nab a2200000 a 4500 |
| 001 |
vtls000495901 |
| 003 |
SK-MaSNL |
| 005 |
20260304170236.0 |
| 008 |
230223c19931994xo 0 cze |
| 015 |
|
|
|a SNBRB19rr/mm-uuuuu
|
| 035 |
|
|
|a CL0496039
|
| 035 |
|
|
|a urn:nbn:sk:snk-ab1eb3
|
| 035 |
|
|
|a (urnnbn)urn:nbn:sk:snk:ar-002yc3
|
| 035 |
|
|
|a (uuid)72e5f6c4-7b12-49ea-9be0-7afef58080da
|
| 040 |
|
|
|a SNKBUCL
|b slo
|c SNKBUCL
|e AACR2
|
| 041 |
0 |
|
|a cze
|
| 044 |
|
|
|a xo
|c SK
|
| 080 |
|
|
|a 372.374:373.24
|2 1981
|
| 080 |
|
|
|a 373.24
|2 1981
|
| 100 |
1 |
|
|a Achbergová, Oľga
|4 aut
|9 1497388
|
| 245 |
1 |
0 |
|a Skúsenosti z usmerňovania výtvarnej výchovy
|c Oľga Achbergová
|
| 650 |
0 |
7 |
|a výtvarná výchova
|2 snkbucl
|9 2777
|
| 650 |
0 |
7 |
|a materské školy
|2 snkbucl
|9 1278
|
| 655 |
|
7 |
|a články z novín a časopisov
|2 snkbucl
|9 267496
|
| 773 |
0 |
|
|t Predškolská výchova
|g Roč. 48, č. 1-2 (1993/1994), s. 14-15
|
| 850 |
|
|
|a Slovenská národná knižnica v Martine
|a MTA001
|
| 852 |
|
|
|a SNK
|b KIS3GCP
|
| 958 |
|
|
|a RK
|
| 958 |
|
|
|a OND
|
| 958 |
|
|
|a EUIPO
|
| 958 |
|
|
|a article27
|
| 992 |
|
|
|a RBX
|
| 999 |
|
|
|c 2987791
|d 2989721
|